000 01590nam2a22002771 4500
001 RU\NLR\INFOCOMM7\1000070310
005 20250617001308.0
035 _a(NLR Aleph) 002304840
090 _a4260568
_c4260568
100 _a20040928d1981 |||y0rusy50 ca
101 0 _arus
102 _aRU
105 _ay |||||||||
200 1 _aЧто читать по шлиховому и маршрутному опробованию при поисково-съемочных работах
_fЕ.Ю. Дубинская, Л.П. Кудакова
210 _d1981
_aБ. м.
225 1 _aСерия "Геология, методы поисков и разведки месторождений руд полезных ископаемых"
461 0 _1001RU\NLR\INFOCOMM7\1000070299
_12001#$aРекомендательный указатель литературы по геологии$fВНИИ экономики минер. сырья и геол.-развед. работ (ВИЭМС), Всесоюз. геол. б-ка (В.Г.Б.)$v1981, Вып.3
_94260470
_cМ.
_d1979-
_fВНИИ экономики минер. сырья и геол.-развед. работ (ВИЭМС), Всесоюз. геол. б-ка (В.Г.Б.)
_tРекомендательный указатель литературы по геологии
_v1981, Вып.3
700 1 _aДубинская
_bЕ.Ю.
_4070
701 1 _aКудакова
_bЛ.П.
_4070
801 1 _aRU
_bInfoComm
_c20040928
801 0 _aRU
_bNLR
_gPSBO
852 _aNLR
_bС
_jП-1/162
942 _cISSUE
980 _aNB
980 _aRUSPER